000 00458cam a2200157ua 4500
041 _aeng
_h
082 _a028.74624
_bVAR/WO
100 _aVarma, C.V.J.
245 _aWork shop lift irrigation 23-25 April 1997 Newdelhi:Proceedings /
_cC V J Varma.
_hTextual Documents
260 _aNew Delhi :
_bCentral Board of Irrigation and Power (CBIP) ,
_c1997.
300 _a350 ; .
504 _a
700 1 _aRao, A.R G.
942 _cBK
999 _c10692
_d10692